| 000 | 00409nam a2200109Ia 4500 | ||
|---|---|---|---|
| 008 | 160909s9999 xx 000 0 und d | ||
| 100 | _aHughes, Bette L. | ||
| 245 | _aRelationship between simulation and intuition in clinical decision making in associate degree nursing students | ||
| 260 |
_bCapella University. _c2016 |
||
| 650 | _aNursing | ||
| 856 | _uhttp://pqdtopen.proquest.com/doc/1778511306.html?FMT=ABS | ||
| 999 |
_c303869 _d303869 |
||